| 000 | 00715nam a2200265 a 4500 | ||
|---|---|---|---|
| 001 | 157675 | ||
| 003 | OSt | ||
| 005 | 20211231104841.0 | ||
| 008 | 200624 ### ENG | ||
| 020 | _a9788126512652 | ||
| 082 |
_a621.3822 _bH33S |
||
| 100 | _aHaykin, Simon | ||
| 245 |
_aSignals and systems _cby Simon Haykin and Barry Van Veen |
||
| 250 | _a2nd ed. | ||
| 260 |
_aNew Delhi _bWiley _c2018 |
||
| 300 | _a802p. | ||
| 653 | _aSignal processing | ||
| 653 | _aLinear time invariant systems | ||
| 653 | _aSystem analysis | ||
| 653 | _aTelecommunication systems | ||
| 653 | _aSignal processing--Digital techniques | ||
| 653 | _aLinear systems | ||
| 700 | _aVeen, Barry Van | ||
| 942 |
_2ddc _cBK |
||
| 999 |
_c20009 _d20009 |
||